000 00474nam a2200181Ia 4500
003 GCL
008 140319s9999 xx 000 0 eng d
040 _aGCL /
_cGCL
082 0 4 _a320.12
_bL Q
100 1 _aLA COSTE, YVES
245 1 0 _aQUESTIONS DE GEOPOLITIQUE: L'ISLAM, LA MES, L'AFRIQUE /
_cLA COSTE, YVES
260 _a[S.N] :
_bLE LIVRE DE POCHE ،
_c1988
300 _a247 P
650 0 4 _aنجد
650 0 4 _aAFRICA
650 0 4 _aGEOPOLITICS
942 _2ddc
_cBK
999 _c24695
_d24695